Mec nica de materiales / Roy R. Craig, (Registro nro. 27411)

Detalles MARC
000 -LÍDER
fixed length control field 00431nam a2200157 4500
020 ## - NÚMERO INTERNACIONAL NORMALIZADO PARA LIBROS
ISBN 978-970-24-0255-8
050 ## - SIGNATURA TOPOGRAFICA DE LA BIBLIOTECA DEL CONGRESO (LC)
Número de Clasificación TA405 C89 2002
082 ## - NUMERO DE CLASIFICACION DECIMAL DEWEY
Número de Clasificación 620.112.92 C886m 2002
100 ## - ASIENTO PRINCIPAL--NOMBRE PERSONAL
Nombre personal Craig, Roy R.
245 ## - TÍTULO
Título Mec nica de materiales / Roy R. Craig,
250 ## - MENCIÓN DE EDICIÓN
Mención de edición 1 / 2 Ingles
260 ## - PUBLICACIÓN, DISTRIBUCIÓN, ETC. (PIE DE IMPRENTA)
Lugar de publicación, distribución, etc. México: Patria
300 ## - DESCRIPCIÓN FÍSICA
Extensión xvi, p g. varia 752 p. / 27 cm.
500 ## - NOTA GENERAL
Nota general Incluye Cd-Rom.
650 ## - ASIENTO SECUNDARIO DE MATERIA - TERMINO TEMÁTICO
Término temático o nombre geográfico como elemento de entrada 1. RESISTENCIA DE MATERIALES
Existencias
No. biblioteca No. biblioteca Número de clasificación Código de barras/Número de adquisición Número de copia Tipo de material
ÁREA DE CIVIL ÁREA DE CIVIL 620.112.92 C886m 2002 52240 3 Libros
ÁREA DE CIVIL ÁREA DE CIVIL 620.112.92 C886m 2002 52241 4 Libros
ÁREA DE CIVIL ÁREA DE CIVIL 620.112.92 C886m 2002 52242 5 Libros
ÁREA DE ELECTROMECÁNICA ÁREA DE ELECTROMECÁNICA 620.112.92 C886m 2002 52054 1 Libros
ÁREA DE ELECTROMECÁNICA ÁREA DE ELECTROMECÁNICA 620.112.92 C886m 2002 52055 2 Libros
ÁREA DE ELECTROMECÁNICA ÁREA DE ELECTROMECÁNICA 620.112.92 C886m 2002 52625 6 Libros
Calzada Tecnológico # 27, Zacatepec, Morelos.
01(734) 343-07-23 / 343-21-10 / 343-21-11
Apdo. Postal 45 C.P 62780